|
|
|
|
| LEADER |
01119cam a2200265 7i4500 |
| 001 |
0000074195 |
| 005 |
20230109090000.0 |
| 020 |
|
|
|a 9781315184241 (electronic book)
|
| 090 |
0 |
0 |
|a S619.T74
|b E72 2018
|
| 245 |
0 |
0 |
|a Engineering interventions in sustainable trickle irrigation :
|b water requirements, uniformity, fertigation, and crop performance
|c edited by Megh R. Goyal, Basamma K. Aladakatti.
|
| 264 |
|
|
|a Waretown, NJ:
|b Apple Academic Press,
|c 2018.
|
| 300 |
|
|
|a 1 online resource (370 pages):
|b illustrations, text file, PDF.
|
| 336 |
|
|
|a text
|2 rdacontent
|
| 337 |
|
|
|a computer
|2 rdamedia
|
| 338 |
|
|
|a online resource
|2 rdacarrier
|
| 490 |
0 |
|
|a Innovations and challenges in micro irrigation;
|v v. 8
|
| 650 |
|
0 |
|a Irrigation engineering
|
| 650 |
|
0 |
|a Microirrigation
|
| 655 |
|
0 |
|a Electronic books
|
| 700 |
1 |
|
|a Goyal, Megh R.
|
| 700 |
1 |
|
|a Aladakatti, Basamma K.
|
| 856 |
4 |
2 |
|u http://library.unisel.edu.my/web/guest/mylibrary
|
| 997 |
|
|
|a Engineering & Life Sciences, Faculty
|b Science & Biotechnology, Department
|
| 998 |
|
|
|a Biotechnology, Degree
|
| 999 |
|
|
|a EBO0017361
|b EBOOK
|c EBOOK
|e Electronic resources
|